LIBRARY & INFORMATION CENTRE, KCAET, TAVANUR

ONLINE PUBLIC ACCESS CATALOGUE (OPAC)

CAT Common Admission Test: | Chapter Wise & Topic Wise 10 year Solved Paper (Record no. 19518)

MARC details
000 -LEADER
fixed length control field 00420nam a22001577a 4500
003 - CONTROL NUMBER IDENTIFIER
control field OSt
008 - FIXED-LENGTH DATA ELEMENTS--GENERAL INFORMATION
fixed length control field 250916b |||||||| |||| 00| 0 eng d
020 ## - INTERNATIONAL STANDARD BOOK NUMBER
ISBN 9 789367 476925
041 ## - LANGUAGE CODE
Language code of text/sound track or separate title eng
082 ## - DEWEY DECIMAL CLASSIFICATION NUMBER
Classification number 658.001
Item number CAT
245 ## - TITLE STATEMENT
Title CAT Common Admission Test:
Remainder of title Chapter Wise & Topic Wise 10 year Solved Paper
250 ## - EDITION STATEMENT
Edition statement 3rd
260 ## - PUBLICATION, DISTRIBUTION, ETC. (IMPRINT)
Place of publication Agra:
Name of publisher Oswall Books & Learning Pvt Ltd,
Year of publication 2025.
300 ## - PHYSICAL DESCRIPTION
Number of Pages 512p.
942 ## - ADDED ENTRY ELEMENTS (KOHA)
Koha item type Books
Holdings
Withdrawn status Lost status Damaged status Home library Current library Shelving location Date acquired Full call number Accession Number Koha item type
      KAUAET KAUAET General Stacks 16/09/2025 658.001 CAT 26337 Books
free website counter